|
|
|
|
| LEADER |
00000cam a2200000 i 4500 |
| 001 |
95814 |
| 003 |
CZ-ZlUTB |
| 005 |
20200716095453.0 |
| 007 |
ta |
| 008 |
200417s2020 xr e 000 0 cze d |
| 952 |
|
|
|0 0
|1 0
|4 0
|6 15ADLERA
|7 0
|8 BOOK
|9 156476
|a UTBZL
|b UTBZL
|c 005
|d 2020-06-29
|l 0
|o 15/ADLER,A.
|p 420010183780
|r 2020-06-29 00:00:00
|v 339.00
|x N: nákup;
|y 01
|
| 952 |
|
|
|0 0
|1 0
|4 0
|6 15ADLERA
|7 0
|8 BOOK
|9 156477
|a UTBZL
|b UTBZL
|c 006
|d 2020-06-29
|l 9
|m 19
|o 15/ADLER,A.
|p 420010183781
|r 2025-05-28 00:00:00
|s 2025-04-25
|v 339.00
|x N: nákup;
|y 04
|
| 952 |
|
|
|0 0
|1 0
|4 0
|6 15ADLERA
|7 0
|8 BOOK
|9 163038
|a UTBZL
|b UTBZL
|c 021
|d 2021-06-08
|l 2
|m 3
|o 15/ADLER,A.
|p 420010187318
|q 2028-10-02
|r 2023-07-31 00:00:00
|s 2023-07-31
|v 339.00
|w 2021-06-08
|x N:nákup;
|y 08
|
| 999 |
|
|
|c 95814
|d 95814
|
| 020 |
|
|
|a 978-80-262-1590-5
|q (brožováno) :
|c Kč 339.00
|
| 040 |
|
|
|a KLG001
|b cze
|d ZLD002
|e rda
|
| 041 |
1 |
|
|a cze
|h ger
|
| 072 |
|
7 |
|a 159.9
|x Psychologie
|2 Konspekt
|9 17
|
| 080 |
|
|
|a 17.02
|2 MRF
|
| 080 |
|
|
|a 159.9
|2 MRF
|
| 080 |
|
|
|a 159.964.26
|2 MRF
|
| 080 |
|
|
|a 316.752
|2 MRF
|
| 080 |
|
|
|a 159.964.21
|2 MRF
|
| 080 |
|
|
|a (048.8)
|2 MRF
|
| 100 |
1 |
|
|a Adler, Alfred,
|d 1870-1937
|7 nlk19990074851
|4 aut
|
| 240 |
1 |
0 |
|a Sinn des Lebens.
|l Česky
|
| 245 |
1 |
0 |
|a Smysl života /
|c Alfred Adler ; z německého originálu Der Sinn des Lebens přeložil a doslov napsal Zbyněk Vybíral
|
| 250 |
|
|
|a Vydání druhé, v Portále první
|
| 264 |
|
1 |
|a Praha :
|b Portál,
|c 2020
|
| 300 |
|
|
|a 231 stran ;
|c 20 cm
|
| 336 |
|
|
|a text
|b txt
|2 rdacontent
|
| 337 |
|
|
|a bez média
|b n
|2 rdamedia
|
| 338 |
|
|
|a svazek
|b nc
|2 rdacarrier
|
| 490 |
1 |
|
|a Klasici
|
| 504 |
|
|
|a Obsahuje bibliografické odkazy
|
| 650 |
0 |
7 |
|a smysl života
|7 ph125718
|x psychologické aspekty
|2 czenas
|
| 650 |
0 |
7 |
|a individuální psychologie
|7 ph121072
|2 czenas
|
| 650 |
0 |
7 |
|a hodnotová orientace
|7 ph117202
|2 czenas
|
| 650 |
0 |
7 |
|a komplexy (psychologie)
|7 ph220319
|2 czenas
|
| 650 |
0 |
9 |
|a sense of life
|x psychological aspects
|2 eczenas
|
| 650 |
0 |
9 |
|a individual psychology
|2 eczenas
|
| 650 |
0 |
9 |
|a value orientation
|2 eczenas
|
| 650 |
0 |
9 |
|a complexes (psychology)
|2 eczenas
|
| 655 |
|
7 |
|a studie
|7 fd133597
|2 czenas
|
| 655 |
|
9 |
|a studies
|2 eczenas
|
| 700 |
1 |
|
|a Vybíral, Zbyněk,
|d 1961-
|7 jn19990216186
|4 trl
|
| 830 |
|
0 |
|a Klasická díla psychologie
|
| 910 |
|
|
|a ZLD002
|
| 942 |
|
|
|2 udc
|
| 992 |
|
|
|a BK
|b SK
|